000 00886cam a2200277 a 4500
001 000018360
005 20200929165455.0
008 930715s1988 sp 000 f spa d
020 _a8433917641 (pbk.)
035 _a(DLC) 93178081
035 _a(OCoLC)18760495
040 _aDO-SdBNP
_cWU
_dTxU
_dDLC
_dBNPHU
042 _alccopycat
082 _a863.64
_bC348e
100 1 _aCastellet, J. M.
_d1926-
_939767
245 1 4 _aLos escenarios de la memoria /
_cJosep María Castellet.
260 _aBarcelona :
_bAnagrama,
_c1988.
300 _a244 p. ;
_c20 cm.
490 1 _aNarrativas hispánicas ;
_v64
650 4 _aAutores españoles
_ySIGLO XX
_9633
650 4 _aNovela española
_91123
650 4 _aLiteratura española
_ySIGLO XX
_xHistoria y crítica
_93061
830 0 _aNarrativas hispánicas ;
_v64
_921236
910 _aCatalogación por derivada / LC
049 _aBNPHU
999 _c17881
_d17881